| 000 | 01064nam a2200301Ia 4500 | ||
|---|---|---|---|
| 003 | OSt | ||
| 005 | 20221007123825.0 | ||
| 006 | a|||||r|||| 00| 0 | ||
| 007 | ta | ||
| 008 | 221006b |||||||| |||| 00| 0 eng d | ||
| 020 |
_a9781405138901 (hbd) _cRs.6936.00 |
||
| 024 | _a79366 | ||
| 037 |
_b0075, 21/11/2007, Dhanraj Book House _cTextual |
||
| 040 |
_aCDL _cCDL _beng |
||
| 041 |
_2eng _aeng |
||
| 082 | _aE5:210j210, P7 Carc | ||
| 100 |
_aLindstrom U Marcus Ed. _9717938 |
||
| 245 | 0 | _aOrganic reactions in water: principles, strategies and applications | |
| 260 |
_aAustralia _bBlackwell Publishing _c2007 |
||
| 300 |
_axvi, 405p. _ccm. |
||
| 500 | _aIncludes bibliographical references.; Index 398-405p. | ||
| 650 |
_a Organic compounds-synthesis _9717939 |
||
| 650 |
_a Solvents-environmental aspects _9717940 |
||
| 650 |
_a Water chemistry _9717941 |
||
| 650 | _aChemistry | ||
| 942 |
_hE5:210j210, P7 Carc _cTEXL _2CC |
||
| 999 |
_c1212528 _d1212528 |
||